000 00615nam a22001577a 4500
003 macl
005 20200317131948.0
008 200317b xxu||||| |||| 00| 0 eng d
040 _cmacl
082 _a370
100 _aअरिहन्‍त.
_978683
245 _aसक्‍सेस मास्‍टर CTETसेन्‍टर टीचर एलीजिबिलिटी टेस्‍ट (कक्षा - I-V)
260 _a मेरठ
_b अरिहन्‍त पब्लिकेशन्‍स (इण्डिया )
_c2019
650 _aशिक्षा
_978684
942 _2ddc
_cHIN
999 _c62433
_d62433